Los sistemas previsionales de salud: cobertura y perfil de los beneficiarios

Gespeichert in:
Bibliographische Detailangaben
Körperschaft: MIDEPLAN (VerfasserIn)
Format: Buch
Sprache:Spanisch
Veröffentlicht: Santiago MIDEPLAN 1991
Schriftenreihe:Documentos Sociales
Schlagworte:
Tags: Tag hinzufügen
Keine Tags, Fügen Sie den ersten Tag hinzu!

MARC

LEADER 00000nam a2200000 a 4500
001 UCV2249
003 CL-VaPUC
008 920319e19910000CL |||||||||||||||||spa|d
082 0 4 |a 361  |b MID  |2 21 
110 2 |a MIDEPLAN  |e author  |9 296524 
245 1 4 |a Los sistemas previsionales de salud: cobertura y perfil de los beneficiarios 
300 |a 25 p 
942 |c BK 
945 |d 19920319 00:00:00 
260 |a Santiago  |b MIDEPLAN  |c 1991 
650 7 |a FONDO NACIONAL DE SALUD  |2 CL-VaPUC  |9 257590 
650 7 |a ORGANIZACIONES DE MANTENCION DE SALUD  |2 CL-VaPUC  |9 257591 
650 7 |a ISAPRES  |2 CL-VaPUC  |9 257592 
651 7 |a CHILE  |2 CL-VaPUC  |9 296525 
583 |a last modification  |c 19920319 00:00:00  |k Rodrigo Vera 
490 0 |a Documentos Sociales 
999 |c 209897  |d 209895 
952 |0 0  |1 0  |4 0  |6 361_000000000000000_MID_1991  |7 0  |8 A  |9 185764  |a BIBGIM  |b BIBGIM  |d 2019-11-14  |i 2532018  |o 361 MID 1991  |p 2532018  |r 2025-01-15  |w 2019-11-14  |y BK  |k SSL 
952 |0 0  |1 0  |4 0  |6 361_000000000000000_MID_1991  |7 0  |8 A  |9 185765  |a BIBGIM  |b BIBGIM  |d 2019-11-14  |i 294801K  |o 361 MID 1991  |p 294801K  |r 2025-01-15  |w 2019-11-14  |y BK  |k SSL 
952 |0 0  |1 0  |4 0  |6 361_000000000000000_MID_1991  |7 0  |8 A  |9 185766  |a BIBENE  |b BIBENE  |d 2019-11-14  |i 2948028  |o 361 MID 1991  |p 2948028  |r 2025-01-15  |w 2019-11-14  |y BK  |k ICO